| Tag |
First Indicator |
Second Indicator |
Subfields |
| LEADER |
00000cam a2200000 a 4500 |
| 001 |
in00001318321 |
| 005 |
20151005082644.0 |
| 008 |
960304s1996 miu b s001 0deng |
| 010 |
|
|
|a 96009992
|
| 020 |
|
|
|a 0472096389 (alk. paper)
|
| 020 |
|
|
|a 0472066382 (pbk. : alk. paper)
|
| 035 |
|
|
|a (OCoLC)34356757
|
| 035 |
|
|
|9 AHD5741AM
|
| 040 |
|
|
|a DLC
|c DLC
|d C#P
|d TXA
|d UtOrBLW
|
| 043 |
|
|
|a e-fr---
|
| 049 |
|
|
|a TXAM
|
| 050 |
0 |
0 |
|a DC33.4
|b .S55 1996
|
| 082 |
0 |
0 |
|a 944/.033
|2 20
|
| 100 |
1 |
|
|a Smith, Jay M.,
|d 1961-
|
| 245 |
1 |
4 |
|a The culture of merit :
|b nobility, royal service, and the making of absolute monarchy in France, 1600-1789 /
|c Jay M. Smith.
|
| 264 |
|
1 |
|a Ann Arbor :
|b University of Michigan Press,
|c [1996]
|
| 264 |
|
4 |
|c ©1996
|
| 300 |
|
|
|a vii, 305 pages ;
|c 24 cm.
|
| 336 |
|
|
|a text
|b txt
|2 rdacontent
|
| 337 |
|
|
|a unmediated
|b n
|2 rdamedia
|
| 338 |
|
|
|a volume
|b nc
|2 rdacarrier
|
| 490 |
1 |
|
|a Studies in medieval and early modern civilization
|
| 504 |
|
|
|a Includes bibliographical references (pages 275-297) and index.
|
| 505 |
0 |
|
|a Merit and the personal modality of service -- Family and the personal modality -- State formation and the culture of royal service in the age of Louis -- Through the eyes of the king : merit, service, and the state in the age of Louis XIV -- Extending the sovereign's gaze in the eighteenth century : merit, nobility, and the army -- Military reform in the later eighteenth century : birth, merit, and the gaze of absolute monarchy -- Conclusion : from the sovereign's gaze to the gaze of sovereignty.
|
| 651 |
|
0 |
|a France
|x Civilization
|y 17th century.
|
| 600 |
0 |
0 |
|a Louis
|b XIV,
|c King of France,
|d 1638-1715
|x Influence.
|
| 651 |
|
0 |
|a France
|x Civilization
|y 18th century.
|
| 650 |
|
0 |
|a Monarchy
|z France
|x Moral and ethical aspects.
|
| 651 |
|
0 |
|a France
|x Kings and rulers
|x Conduct of life.
|
| 610 |
1 |
0 |
|a France.
|b Armée
|x History.
|
| 830 |
|
0 |
|a Studies in medieval and early modern civilization.
|
| 999 |
|
|
|a MARS
|
| 999 |
f |
f |
|s 76fd3e48-df85-3718-8afb-c916992a2580
|i cffa3d44-76b5-3ee9-ad08-ed5a064b6404
|t 0
|
| 952 |
f |
f |
|p normal
|a Texas A&M University
|b College Station
|c Sterling C. Evans Library
|d Evans: Library Stacks
|t 0
|e DC33.4 .S55 1996
|h Library of Congress classification
|i unmediated -- volume
|m A14820555543
|
| 998 |
f |
f |
|a DC33.4 .S55 1996
|t 0
|l Evans: Library Stacks
|